| 000 | 00520nam a2200181 a 4500 | ||
|---|---|---|---|
| 005 | 20140310183308.0 | ||
| 008 | 050906s19uu xx 00 eng d | ||
| 020 | _a0471706388 | ||
| 050 |
_aTX 911.3 _b.In61 2006 |
||
| 245 |
_aIntroduction to management in the hospitality industry : _bstudent workbook / |
||
| 250 | _a8th | ||
| 260 |
_aChicago, Ilinois : _bPROMGMT, _c2006. |
||
| 300 |
_a123 p. : _c25 cm. |
||
| 521 | _aTOU | ||
| 650 |
_aHospitality industry _xManagement |
||
| 942 |
_cBK _2lcc _kFOR |
||
| 999 |
_c21102 _d21102 |
||